000 01063cam a2200337 a 4500
001 32786
005 20230410101817.0
008 870304s1998 pr a b 000 0 spa
035 _9(DLC) 87080624
035 _a1480364
050 1 4 _a117 F 1975
_bP598m 1998
010 _a87080624
020 _a094023825X
040 _aDLC
_cDLC
_dDLC
043 _anwpr---
_an-us---
100 1 _aPicó, Fernando.
245 1 0 _a1898--la guerra después de la guerra /
_cFernando Picó.
250 _a2a ed.
260 _aRío Piedras, P.R. :
_bEdiciones Huracán,
_c1998.
300 _a215 p. :
_bill. ;
_c19 cm.
490 0 _aColección Semilla
504 _aBibliography: p. [208]-215.
651 0 _aPuerto Rico
_xHistory
_y1898-1952.
650 0 _aSpanish-American War, 1898
_xSocial aspects.
650 0 _aOutlaws
_zPuerto Rico
_xHistory
_y20th century.
650 0 _aPeasant uprisings
_zPuerto Rico
_xHistory
_y20th century.
651 0 _aPuerto Rico
_xEconomic conditions.
651 0 _aPuerto Rico
_xSocial conditions.
922 _aad
942 _2lcc
_cbk
999 _c14499
_d14499